000
00328nam a2200133Ia 4500
008
150301s2015 xx 000 0 und d
082
_a
615.4
_b
G13W
100
_a
WAGHULKAR, VIJAY M
245
_a
GPAT: A COMPANION 2013- EXAM PHARMACY
260
_b
AITBS DELHI
300
_a
518
650
_a
PHARMACEUTICS
942
_2
ddc
_c
BK
_0
2
999
_c
7294
_d
7294